<?xml version="1.0" encoding="UTF-8"?>
<collection xmlns="http://www.loc.gov/MARC21/slim">
 <record>
  <leader>05328nam a22005775i 4500</leader>
  <controlfield tag="001">978-94-007-6689-1</controlfield>
  <controlfield tag="003">DE-He213</controlfield>
  <controlfield tag="005">20210616190726.0</controlfield>
  <controlfield tag="007">cr nn 008mamaa</controlfield>
  <controlfield tag="008">130618s2013    ne |    s    |||| 0|eng d</controlfield>
  <datafield tag="020" ind1=" " ind2=" ">
   <subfield code="a">9789400766891</subfield>
   <subfield code="9">978-94-007-6689-1</subfield>
  </datafield>
  <datafield tag="024" ind1="7" ind2=" ">
   <subfield code="a">10.1007/978-94-007-6689-1</subfield>
   <subfield code="2">doi</subfield>
  </datafield>
  <datafield tag="050" ind1=" " ind2="4">
   <subfield code="a">BF204.6</subfield>
  </datafield>
  <datafield tag="072" ind1=" " ind2="7">
   <subfield code="a">JMAN</subfield>
   <subfield code="2">bicssc</subfield>
  </datafield>
  <datafield tag="072" ind1=" " ind2="7">
   <subfield code="a">PSY045000</subfield>
   <subfield code="2">bisacsh</subfield>
  </datafield>
  <datafield tag="072" ind1=" " ind2="7">
   <subfield code="a">JMAP</subfield>
   <subfield code="2">thema</subfield>
  </datafield>
  <datafield tag="082" ind1="0" ind2="4">
   <subfield code="a">150.1988</subfield>
   <subfield code="2">23</subfield>
  </datafield>
  <datafield tag="245" ind1="1" ind2="3">
   <subfield code="a">An Integrated View of Health and Well-being</subfield>
   <subfield code="h">[electronic resource] :</subfield>
   <subfield code="b">Bridging Indian and Western Knowledge /</subfield>
   <subfield code="c">edited by Antonio Morandi, A.N.Narayanan Nambi.</subfield>
  </datafield>
  <datafield tag="250" ind1=" " ind2=" ">
   <subfield code="a">1st ed. 2013.</subfield>
  </datafield>
  <datafield tag="264" ind1=" " ind2="1">
   <subfield code="a">Dordrecht :</subfield>
   <subfield code="b">Springer Netherlands :</subfield>
   <subfield code="b">Imprint: Springer,</subfield>
   <subfield code="c">2013.</subfield>
  </datafield>
  <datafield tag="300" ind1=" " ind2=" ">
   <subfield code="a">XII, 209 p.</subfield>
   <subfield code="b">online resource.</subfield>
  </datafield>
  <datafield tag="336" ind1=" " ind2=" ">
   <subfield code="a">text</subfield>
   <subfield code="b">txt</subfield>
   <subfield code="2">rdacontent</subfield>
  </datafield>
  <datafield tag="337" ind1=" " ind2=" ">
   <subfield code="a">computer</subfield>
   <subfield code="b">c</subfield>
   <subfield code="2">rdamedia</subfield>
  </datafield>
  <datafield tag="338" ind1=" " ind2=" ">
   <subfield code="a">online resource</subfield>
   <subfield code="b">cr</subfield>
   <subfield code="2">rdacarrier</subfield>
  </datafield>
  <datafield tag="347" ind1=" " ind2=" ">
   <subfield code="a">text file</subfield>
   <subfield code="b">PDF</subfield>
   <subfield code="2">rda</subfield>
  </datafield>
  <datafield tag="490" ind1="1" ind2=" ">
   <subfield code="a">Cross-Cultural Advancements in Positive Psychology,</subfield>
   <subfield code="x">2210-5417 ;</subfield>
   <subfield code="v">5</subfield>
  </datafield>
  <datafield tag="505" ind1="0" ind2=" ">
   <subfield code="a">Introduction -- Part I. Health and Well-Being in the Western Tradition -- Chapter 1. Well-Being in the West: Hygeia Before and After the Demographic Transition; Corey L.M. Keyes -- Chapter 2. The Psychosomatic View; Giovannni Fava -- Part  II. Health and Well-Being in Indian Traditions -- Chapter 3. The Perspectives on Reality in Indian Traditions and their Implications for Health and Well-Being; Kiran Kumar K. Salagame -- Chapter 4. Concepts of Health and the Paradigm of Ayurveda; P. Ram Manohar -- Chapter 5. The Determinants of Health and Well-Being; A.N. Narayanan Nambi -- Chapter 6. The Role of Social Rituals in Well-Being; P.R. Krishnakumar -- Chapter 7. Health and Well-Being in Indian Local Health Traditions; Unnikrishnan Payyapallimana -- Part III. Bridging the Worlds -- Chapter 8. Quantum Logic in Ayurveda; Rama Jayasundar -- Chapter 9. The Psychological Roots of Health Promotion; Antonella Delle Fave -- Chapter 10. The Emergence of Health in Complex Adaptive Systems: A Common Ground for Ayurveda and Western Science; Antonio Morandi and Antonella Delle Fave -- Conclusions; joining Knowledge Traditions: Towards an Integrated Approach to Health and Well-Being; Antonio Morandi, A.N. Narayanan Nambi, and Antonella Delle Fave -- Notes -- Index.</subfield>
  </datafield>
  <datafield tag="520" ind1=" " ind2=" ">
   <subfield code="a">Concepts like Health and Well-being are not exclusive products of the Western culture. Research has widely demonstrated that the representation of the body and of its pathologies, as well as treatment and healing practices vary across cultures in relation to social norms and beliefs.The culture of India is a melting pot of nine main Darshanas, or philosophical systems, that share the common core of a realization of the self in society. India’s traditional health system, Ayurveda, is a result of the practical application of the Darshanas to the observation of human nature and behavior. Ayurveda conceptualizes health, disease and well-being as multidimensional aspects of life, and it seeks to preserve a balance in individuals among their biological features, their psychological features and their environmental demands. The Ayurveda approach to health is remarkably similar to the eudaimonic conceptualization of well-being proposed by positive psychology, and the basic tenets of Ayurveda are deeply consistent with the latest developments of modern physics, which stresses the substantial interconnectedness among natural phenomena and their substrates. This text shows how the approach to health developed in Ayurveda can be fruitfully integrated in a general view of health and well-being that encompasses cultural and ideological boundaries. Specifically, it details the conceptualization of health as an optimal and mindful interaction between individuals and their environment.  .</subfield>
  </datafield>
  <datafield tag="650" ind1=" " ind2="0">
   <subfield code="a">Positive psychology.</subfield>
  </datafield>
  <datafield tag="650" ind1=" " ind2="0">
   <subfield code="a">Quality of life.</subfield>
  </datafield>
  <datafield tag="650" ind1=" " ind2="0">
   <subfield code="a">Culture—Study and teaching.</subfield>
  </datafield>
  <datafield tag="650" ind1=" " ind2="0">
   <subfield code="a">Cross-cultural psychology.</subfield>
  </datafield>
  <datafield tag="650" ind1=" " ind2="0">
   <subfield code="a">Health psychology.</subfield>
  </datafield>
  <datafield tag="650" ind1="1" ind2="4">
   <subfield code="a">Positive Psychology.</subfield>
   <subfield code="0">https://scigraph.springernature.com/ontologies/product-market-codes/Y44000</subfield>
  </datafield>
  <datafield tag="650" ind1="2" ind2="4">
   <subfield code="a">Quality of Life Research.</subfield>
   <subfield code="0">https://scigraph.springernature.com/ontologies/product-market-codes/X23000</subfield>
  </datafield>
  <datafield tag="650" ind1="2" ind2="4">
   <subfield code="a">Regional and Cultural Studies.</subfield>
   <subfield code="0">https://scigraph.springernature.com/ontologies/product-market-codes/411000</subfield>
  </datafield>
  <datafield tag="650" ind1="2" ind2="4">
   <subfield code="a">Cross Cultural Psychology.</subfield>
   <subfield code="0">https://scigraph.springernature.com/ontologies/product-market-codes/Y20100</subfield>
  </datafield>
  <datafield tag="650" ind1="2" ind2="4">
   <subfield code="a">Health Psychology.</subfield>
   <subfield code="0">https://scigraph.springernature.com/ontologies/product-market-codes/Y12020</subfield>
  </datafield>
  <datafield tag="700" ind1="1" ind2=" ">
   <subfield code="a">Morandi, Antonio.</subfield>
   <subfield code="e">editor.</subfield>
   <subfield code="4">edt</subfield>
   <subfield code="4">http://id.loc.gov/vocabulary/relators/edt</subfield>
  </datafield>
  <datafield tag="700" ind1="1" ind2=" ">
   <subfield code="a">Nambi, A.N.Narayanan.</subfield>
   <subfield code="e">editor.</subfield>
   <subfield code="4">edt</subfield>
   <subfield code="4">http://id.loc.gov/vocabulary/relators/edt</subfield>
  </datafield>
  <datafield tag="710" ind1="2" ind2=" ">
   <subfield code="a">SpringerLink (Online service)</subfield>
  </datafield>
  <datafield tag="773" ind1="0" ind2=" ">
   <subfield code="t">Springer Nature eBook</subfield>
  </datafield>
  <datafield tag="776" ind1="0" ind2="8">
   <subfield code="i">Printed edition:</subfield>
   <subfield code="z">9789400794856</subfield>
  </datafield>
  <datafield tag="776" ind1="0" ind2="8">
   <subfield code="i">Printed edition:</subfield>
   <subfield code="z">9789400766907</subfield>
  </datafield>
  <datafield tag="776" ind1="0" ind2="8">
   <subfield code="i">Printed edition:</subfield>
   <subfield code="z">9789400766884</subfield>
  </datafield>
  <datafield tag="830" ind1=" " ind2="0">
   <subfield code="a">Cross-Cultural Advancements in Positive Psychology,</subfield>
   <subfield code="x">2210-5417 ;</subfield>
   <subfield code="v">5</subfield>
  </datafield>
  <datafield tag="856" ind1="4" ind2="0">
   <subfield code="u">https://doi.org/10.1007/978-94-007-6689-1</subfield>
  </datafield>
  <datafield tag="912" ind1=" " ind2=" ">
   <subfield code="a">ZDB-2-BHS</subfield>
  </datafield>
  <datafield tag="912" ind1=" " ind2=" ">
   <subfield code="a">ZDB-2-SXBP</subfield>
  </datafield>
  <datafield tag="950" ind1=" " ind2=" ">
   <subfield code="a">Behavioral Science (SpringerNature-11640)</subfield>
  </datafield>
  <datafield tag="950" ind1=" " ind2=" ">
   <subfield code="a">Behavioral Science and Psychology (R0) (SpringerNature-43718)</subfield>
  </datafield>
 </record>
</collection>
